| 000 | 00622nam a2200205 i 4500 | ||
|---|---|---|---|
| 001 | 166760 | ||
| 003 | ES-MaACL | ||
| 005 | 20230906213409.0 | ||
| 008 | 050921s1874 gw |||| | ger d | ||
| 040 |
_aCAM _bspa _cCAM |
||
| 080 | _a16(02) | ||
| 100 | 1 |
_aUeberwerg, Friedrich. _9133435 |
|
| 245 | 1 | 0 |
_aSystem der logik und Geschichte der Logischen Lehren / _cvon Friedrich Ueberweg. |
| 260 |
_aBonn : _bBEi Adolph Marcus, _c1874. |
||
| 300 |
_aXVI, 434 p. ; _c23 cm. |
||
| 650 | 4 |
_aLógica. _914693 |
|
| 700 | 1 |
_aMarcus, Adolphe. _9129471 |
|
| 752 |
_aAlemania - _dBonn |
||
| 852 |
_aES-MaACL _jG-2817 _z- Enc. hol. |
||
| 999 |
_c166760 _d166760 |
||